01148nam a2200193Ia 4500001001000000003001000010008004100020040002500061041001300086100002600099245004600125250001100171260008300182300002800265500026200293501011400555520026200669650002300931L210-3885IT-CnALBA170116s9999||||xx |||||||||||||| ||und|| aIT-CnALBAcIT-CnALBA aITALIANO aZACCHI P. ANGELO, OP. 0aL'UOMO. LA NATURA L'ORIGINE E I DESTINI.  a1a ed. a LONDRAbCONSTABLE & CO., LTD. c1954 [1° Ed.:1954 - Ed.Ling.Originale: 1954] a754 p. (prefazione: 79) aINTRODUZIONE. FILOSOFIA DELLA RELIGIONE. STUDIO DELL'UOMO. NATURA DELL'UOMO. ATTIVITÀ RAZIONALE. SPIRITUALISMO. LEBERO ARBITRIO. ORIGINE E DESTINO. EVOLUZIONE. ORIGINE DELL'ANIMA. SOPRAVVIVENZA UMANA. VITA PRESENTE E SPERANZA DELLA VITA FUTURA. SOPRAVVIVE aSocietà San Paolo EM - Piazza San Paolo, 14 - 12051 ALBA (CN) (non commercial uses only) ® Copyright 2017 aINTRODUZIONE. FILOSOFIA DELLA RELIGIONE. STUDIO DELL'UOMO. NATURA DELL'UOMO. ATTIVITÀ RAZIONALE. SPIRITUALISMO. LEBERO ARBITRIO. ORIGINE E DESTINO. EVOLUZIONE. ORIGINE DELL'ANIMA. SOPRAVVIVENZA UMANA. VITA PRESENTE E SPERANZA DELLA VITA FUTURA. SOPRAVVIVE aRELIGIONE NATURALE